000 01018cam a22003017a 4500
003 CHAP
005 20220329142633.0
008 010920d2001 mx r 00110 spa d
010 _a85963
011 _a86935
035 _a97475
040 _cCHAP
090 _aTesis
100 0 0 _aOrea Lara, Gildardo
_983469
245 1 0 _aRespuesta del cultivo de chile (Capsicum annum L.) a la aplicación de NPK
_c/por Gildardo Orea Lara
260 _aChapingo, Méx. :
_bEl autor,
_c2002.
300 _a38 h. :
_bilus.
502 _aTesis (Ing. Agr. Esp. en Fitotecnia) -- UACH. Departamento de Fitotecnia
590 _aALEPH
_b10
_c20130110
_lUCH01
_h1447
590 _aBATCH-UPD
_b10
_c20130110
_lUCH01
_h0724
590 _aCONVERSION
_b10
_c20130109
_lUCH01
_h1348
650 1 4 _aFertilizantes
_xEfecto en chile.
_940493
901 _aBK
905 _aAlejandra Carrasco M.
942 _cFOLL
949 _aTesis
_bBC
_cTES
_d33724000867503
_eTS2
_fc.2
_h39599
_i97475
_si
949 _aTesis
_bBC
_cTES
_d974751
_eTS1
_h39598
_i97475
_sb
999 _c85963
_d85963